[Event "5MCR_4D_2L_1S"]
[Site "?"]
[Date "2002.??.??"]
[Round "?"]
[White "Pecka, Josef"]
[Black "Slawinski, Petr"]
[Result "0-1"]
[WhiteElo "2210"]
[BlackElo "2330"]
[PlyCount "94"]
[EventDate "2002.??.??"]
[EventType "corr"]
[SourceDate "2004.??.??"]

1. e4 d6 2. d4 Nf6 3. Nc3 g6 4. f4 Bg7 5. Nf3 O-O 6. Bd3 Nc6 7. e5 dxe5 8. fxe5
Nh5 9. Be3 Bg4 10. Be2 f6 11. O-O fxe5 12. d5 Bxf3 13. Rxf3 Rxf3 14. Bxf3 Nd4
15. Bxh5 gxh5 16. Qd3 Qd6 17. Rf1 h4 18. Qc4 Rd8 19. Rf2 a6 20. a4 Kh8 21. b4
e6 22. dxe6 Qxe6 23. Qxe6 Nxe6 24. Ne4 Rd1+ 25. Rf1 Rxf1+ 26. Kxf1 Bf8 27. c3
Kg7 28. Ke2 Kg6 29. Kf3 b5 30. a5 Be7 31. Kg4 h5+ 32. Kf3 Kf5 33. h3 c6 34. g3
hxg3 35. Nxg3+ Kg6 36. Ne4 Nc7 37. Bb6 Nd5 38. Bc5 Bf6 39. Kg3 Kf5 40. Nd6+ Ke6
41. Ne4 Nf4 42. Be3 Nd3 43. Kf3 Be7 44. Ke2 Nf4+ 45. Bxf4 exf4 46. Kf3 Kf5 47.
Nd2 c5 0-1

[Event "5MCR_4D_2L_1S"]
[Site "?"]
[Date "2002.??.??"]
[Round "?"]
[White "Pecka, Josef"]
[Black "Vosahlik, Jiri"]
[Result "1-0"]
[WhiteElo "2210"]
[BlackElo "2320"]
[PlyCount "149"]
[EventDate "2002.??.??"]
[EventType "corr"]
[SourceDate "2004.??.??"]

1. e4 e6 2. d4 d5 3. Nc3 Bb4 4. e5 c5 5. a3 Bxc3+ 6. bxc3 Ne7 7. Qg4 O-O 8. Nf3
Nbc6 9. Bd3 f5 10. exf6 Rxf6 11. Qh5 g6 12. Qg5 Qf8 13. Bb2 c4 14. Be2 Rf5 15.
Qd2 e5 16. dxe5 Nxe5 17. Nd4 Rf7 18. O-O Bg4 19. Rfe1 N7c6 20. f3 Bd7 21. a4
Qd8 22. Ba3 Nxd4 23. Qxd4 Qb6 24. Bc5 Qa5 25. Qxd5 Rc8 26. Qxe5 Qxc5+ 27. Qxc5
Rxc5 28. Red1 Bf5 29. Rd4 Rfc7 30. Ra2 Kf7 31. a5 Be6 32. Kf2 Rh5 33. h3 Kf6
34. Ke3 Re5+ 35. Kd2 Rg5 36. g4 Rgc5 37. f4 Re7 38. Ra4 Rec7 39. g5+ Kg7 40. h4
Bd5 41. Ra1 h6 42. a6 b6 43. gxh6+ Kxh6 44. Rg1 Be6 45. Bf3 Rf5 46. Rg5 Rf6 47.
h5 Bf7 48. hxg6 Bxg6 49. Re5 Kg7 50. Bd5 Bf7 51. Bb7 Rg6 52. Be4 Rh6 53. Rd8
Bg6 54. Rg5 Kf7 55. f5 Bh7 56. Rg2 Rh4 57. Bd5+ Ke7 58. Ra8 Kd6 59. Be6 Rh5 60.
Rd8+ Ke7 61. Rh8 Kd6 62. Rf8 Rc5 63. Rd8+ Ke7 64. Rd7+ Kf6 65. Rf7+ Ke5 66.
Re2+ Kd6 67. Rd7+ Kc6 68. f6 Rce5 69. f7 Rxe2+ 70. Kxe2 Re5+ 71. Kf2 Rxe6 72.
f8=Q Kxd7 73. Qa8 Be4 74. Qxa7+ Kd8 75. Qf7 1-0

[Event "5MCR_4D_2L_1S"]
[Site "?"]
[Date "2002.??.??"]
[Round "?"]
[White "Slawinski, Petr"]
[Black "Boleslav, Petr"]
[Result "1/2-1/2"]
[WhiteElo "2330"]
[BlackElo "1735"]
[PlyCount "61"]
[EventDate "2002.??.??"]
[EventType "corr"]
[SourceDate "2004.??.??"]

1. e4 c5 2. Nf3 d6 3. d4 cxd4 4. Nxd4 Nf6 5. Nc3 g6 6. Be3 Bg7 7. f3 O-O 8. Qd2
Nc6 9. Bc4 Bd7 10. O-O-O Ne5 11. Bb3 Rc8 12. h4 h5 13. Bg5 Rc5 14. g4 hxg4 15.
f4 Nc4 16. Qe2 b5 17. f5 Qc8 18. Bxf6 Bxf6 19. Qxg4 b4 20. Nce2 e5 21. Nf3 d5
22. Rxd5 Rxd5 23. exd5 Nxb2 24. Kxb2 e4+ 25. Nfd4 Bxd4+ 26. Nxd4 Qc3+ 27. Kb1
Qxd4 28. h5 Bxf5 29. Qf4 Rd8 30. hxg6 Bxg6 31. Qh4 1/2-1/2

[Event "5MCR_4D_2L_1S"]
[Site "?"]
[Date "2002.??.??"]
[Round "?"]
[White "Slawinski, Petr"]
[Black "Gubas, Jan"]
[Result "1-0"]
[WhiteElo "2330"]
[BlackElo "2260"]
[PlyCount "89"]
[EventDate "2002.??.??"]
[EventType "corr"]
[SourceDate "2004.??.??"]

1. e4 e6 2. d4 d5 3. e5 c5 4. c3 Nc6 5. Nf3 Bd7 6. a3 c4 7. b4 cxb3 8. Qxb3 Na5
9. Qc2 Ne7 10. Bd3 Rc8 11. O-O b5 12. Re1 h6 13. Ra2 Nc4 14. Qe2 Nc6 15. Nfd2
N6a5 16. f4 g6 17. Rf1 Bg7 18. g4 a6 19. f5 gxf5 20. gxf5 exf5 21. Nxc4 bxc4
22. Bc2 Nb3 23. Bf4 Qh4 24. Kh1 O-O 25. Qf3 Kh8 26. Rg1 f6 27. Bxb3 cxb3 28.
Rag2 Rg8 29. Nd2 b2 30. Qe3 Kh7 31. Nf3 Qh5 32. Rxb2 Rce8 33. Rbg2 Be6 34. Rg3
Bh8 35. Qd3 Rxg3 36. Rxg3 Rg8 37. Kg2 Qf7 38. Qxa6 Rg4 39. Rxg4 fxg4 40. Nh4 h5
41. Qd3+ f5 42. a4 Bg7 43. a5 Bh6 44. Bxh6 Kxh6 45. Kg1 1-0

[Event "5MCR_4D_2L_1S"]
[Site "?"]
[Date "2002.??.??"]
[Round "?"]
[White "Slawinski, Petr"]
[Black "Kropik, Jan"]
[Result "1-0"]
[WhiteElo "2330"]
[BlackElo "2120"]
[PlyCount "61"]
[EventDate "2002.??.??"]
[EventType "corr"]
[SourceDate "2004.??.??"]

1. e4 c5 2. Nf3 d6 3. d4 cxd4 4. Nxd4 Nf6 5. Nc3 a6 6. Be3 Nc6 7. Be2 e6 8. O-O
Be7 9. f4 Qc7 10. Qe1 O-O 11. Qg3 Nxd4 12. Bxd4 b5 13. a3 Bb7 14. Kh1 g6 15.
Bf3 Nd7 16. Rad1 Rac8 17. f5 e5 18. Be3 Nf6 19. Bh6 Rfe8 20. Bg4 Rb8 21. fxg6
fxg6 22. Be6+ Kh8 23. Qh3 Bc8 24. Bg5 Qd8 25. Bxc8 Rxc8 26. Qe6 Nxe4 27. Nxe4
Bxg5 28. Qxd6 Qe7 29. Qxa6 Rxc2 30. Qxb5 Bf4 31. g3 1-0

[Event "5MCR_4D_2L_1S"]
[Site "?"]
[Date "2002.??.??"]
[Round "?"]
[White "Slawinski, Petr"]
[Black "Kuchynka, Lubos"]
[Result "1-0"]
[WhiteElo "2330"]
[BlackElo "2245"]
[PlyCount "63"]
[EventDate "2002.??.??"]
[EventType "corr"]
[SourceDate "2004.??.??"]

1. e4 e5 2. Nf3 Nc6 3. Bb5 a6 4. Ba4 Nf6 5. O-O Be7 6. Re1 d6 7. c3 b5 8. Bc2
Bg4 9. d4 Bxf3 10. gxf3 exd4 11. cxd4 O-O 12. Nc3 Re8 13. f4 Nd7 14. e5 Na5 15.
Qg4 c6 16. Re3 g6 17. f5 dxe5 18. fxg6 Nf6 19. Qg5 fxg6 20. Bxg6 Kh8 21. Bxe8
Nxe8 22. Qxe5+ Bf6 23. Qf4 Nc7 24. Rg3 Nc4 25. Ne4 Nd5 26. Qf3 Qe7 27. Nxf6
Qxf6 28. Qxf6+ Nxf6 29. b3 Nb6 30. Bh6 Ne4 31. Rg2 Nd5 32. Re1 1-0

[Event "5MCR_4D_2L_1S"]
[Site "?"]
[Date "2002.??.??"]
[Round "?"]
[White "Slawinski, Petr"]
[Black "Splichal, Josef"]
[Result "1-0"]
[WhiteElo "2330"]
[BlackElo "2155"]
[PlyCount "105"]
[EventDate "2002.??.??"]
[EventType "corr"]
[SourceDate "2004.??.??"]

1. e4 e5 2. Nf3 Nc6 3. Bb5 a6 4. Ba4 Nf6 5. O-O Be7 6. Re1 b5 7. Bb3 d6 8. c3
O-O 9. h3 Na5 10. Bc2 c5 11. d4 cxd4 12. cxd4 Bb7 13. d5 Qc7 14. Bd3 Nd7 15.
Nc3 Rac8 16. Ne2 Nc4 17. Ng3 Nc5 18. Bf1 Nb6 19. Be3 Nba4 20. Qc2 Qa5 21. Nf5
Rfe8 22. Rac1 Bf8 23. Qb1 Qb4 24. b3 Nxe4 25. bxa4 Qxa4 26. Bd3 Bxd5 27. Bc2
Bxa2 28. Qb2 Rxc2 29. Rxc2 Be6 30. Ra1 Qb3 31. Qxb3 Bxb3 32. Rc6 Be6 33. Ng3
Nxg3 34. fxg3 Bc8 35. Rac1 Bb7 36. Rb6 Bd5 37. Rxa6 Bc4 38. Nd2 d5 39. Nxc4
bxc4 40. Bf2 f6 41. Ra5 Rd8 42. Bc5 h5 43. Bxf8 Kxf8 44. Rd1 d4 45. Rc5 g6 46.
Rxc4 Kg7 47. Rc6 Rd5 48. g4 hxg4 49. hxg4 d3 50. g5 f5 51. Rc7+ Kf8 52. Kf2 e4
53. Ke3 1-0

[Event "5MCR_4D_2L_1S"]
[Site "?"]
[Date "2002.??.??"]
[Round "?"]
[White "Slawinski, Petr"]
[Black "Vlcek, Vladimir"]
[Result "1-0"]
[WhiteElo "2330"]
[BlackElo "2340"]
[PlyCount "129"]
[EventDate "2002.??.??"]
[EventType "corr"]
[SourceDate "2004.??.??"]

1. e4 e5 2. Nf3 Nc6 3. Bb5 a6 4. Ba4 Nf6 5. O-O Nxe4 6. d4 b5 7. Bb3 d5 8. dxe5
Be6 9. Nbd2 Nc5 10. c3 Bg4 11. Bc2 Be7 12. Re1 Qd7 13. Nf1 Rd8 14. Ne3 Bh5 15.
b4 Ne6 16. g4 Bg6 17. Nf5 O-O 18. a4 d4 19. axb5 axb5 20. Be4 Rfe8 21. Qd3 Nb8
22. Ra7 Bf8 23. Kg2 h6 24. Re2 h5 25. h3 hxg4 26. hxg4 Bh7 27. Rc2 g6 28. Ng3
dxc3 29. Qxc3 Qe7 30. Bd2 Bg7 31. g5 Rd7 32. Rb7 c6 33. Rxd7 Nxd7 34. Bxc6 Rc8
35. Qe3 Nd8 36. Bxd7 Rxc2 37. Bxb5 Ne6 38. Ne4 Qd8 39. Nd6 Bf8 40. Ba4 Rc7 41.
Ne8 Re7 42. Nf6+ Kh8 43. Bc6 Rc7 44. b5 Qc8 45. Qe4 Bg7 46. Bb4 Nd8 47. Bd5 Qf5
48. b6 Rc8 49. Be7 Qxe4 50. Bxe4 Rb8 51. Bxd8 Rxd8 52. b7 Bf8 53. Nd4 Rb8 54.
Nd7 Rxb7 55. Bxb7 Bb4 56. f4 Bd2 57. Kf3 Bg8 58. Nf6 Bb4 59. Nb5 Kg7 60. Nd6
Ba3 61. Bd5 Kf8 62. Nxg8 Kxg8 63. Bxf7+ Kg7 64. f5 gxf5 65. g6 1-0

[Event "5MCR_4D_2L_1S"]
[Site "?"]
[Date "2002.??.??"]
[Round "?"]
[White "Splichal, Josef"]
[Black "Boleslav, Petr"]
[Result "1/2-1/2"]
[WhiteElo "2155"]
[BlackElo "1735"]
[PlyCount "79"]
[EventDate "2002.??.??"]
[EventType "corr"]
[SourceDate "2004.??.??"]

1. e4 c5 2. Nf3 d6 3. d4 cxd4 4. Nxd4 Nf6 5. Nc3 a6 6. Be2 e6 7. Be3 Be7 8. O-O
O-O 9. f4 Qc7 10. Bf3 Nc6 11. Qd3 Bd7 12. Nb3 b5 13. Rad1 Rab8 14. Rfe1 Rfc8
15. Bf2 e5 16. Nd5 Nxd5 17. exd5 Nb4 18. Qd2 Nxc2 19. Re2 Qd8 20. Be4 Nd4 21.
Nxd4 exd4 22. Rde1 Bf6 23. Bxd4 a5 24. Qd3 Bxd4+ 25. Qxd4 Rc4 26. Qd3 g6 27. f5
Qf6 28. fxg6 fxg6 29. Rf2 Qe5 30. b3 Rd4 31. Qb1 Re8 32. Rfe2 Qg5 33. Bxg6 Qxg6
34. Qxg6+ hxg6 35. Rxe8+ Bxe8 36. Rxe8+ Kf7 37. Re2 Rxd5 38. Kf2 Kf6 39. Ke3
Ke5 40. Kf3+ 1/2-1/2

[Event "5MCR_4D_2L_1S"]
[Site "?"]
[Date "2002.??.??"]
[Round "?"]
[White "Splichal, Josef"]
[Black "Doudera, Lubomir"]
[Result "1-0"]
[WhiteElo "2155"]
[BlackElo "2255"]
[PlyCount "69"]
[EventDate "2002.??.??"]
[EventType "corr"]
[SourceDate "2004.??.??"]

1. e4 d5 2. exd5 Qxd5 3. Nc3 Qa5 4. d4 Nf6 5. Nf3 Bg4 6. h3 Bh5 7. g4 Bg6 8.
Ne5 e6 9. Bd2 Qb6 10. g5 Nfd7 11. Nxg6 hxg6 12. d5 Bc5 13. Qf3 O-O 14. O-O-O
Bxf2 15. h4 Ne5 16. Qh3 Rd8 17. h5 Nbd7 18. h6 f5 19. hxg7 Kf7 20. Bf4 exd5 21.
Rxd5 Qe6 22. Bxe5 Nxe5 23. Qh7 Rg8 24. Rxe5 Qxe5 25. Bc4+ Ke7 26. Bxg8 Bd4 27.
Nd5+ Kd6 28. Qxg6+ Kc5 29. Nf6 Bxb2+ 30. Kb1 Rd8 31. Qf7 Bd4 32. Qc4+ Kd6 33.
Rd1 c5 34. c3 Kc7 35. cxd4 1-0

[Event "5MCR_4D_2L_1S"]
[Site "?"]
[Date "2002.??.??"]
[Round "?"]
[White "Splichal, Josef"]
[Black "Gubas, Jan"]
[Result "1-0"]
[WhiteElo "2155"]
[BlackElo "2260"]
[PlyCount "43"]
[EventDate "2002.??.??"]
[EventType "corr"]
[SourceDate "2004.??.??"]

1. e4 e6 2. d4 d5 3. Nc3 Bb4 4. e5 c5 5. a3 Bxc3+ 6. bxc3 Ne7 7. Nf3 Qa5 8. Bd2
Bd7 9. c4 Qc7 10. cxd5 Nxd5 11. c3 Nc6 12. Bd3 cxd4 13. cxd4 O-O 14. O-O Nce7
15. Ng5 h6 16. Ne4 Nf5 17. Qg4 Kh8 18. Qh3 Kg8 19. Rac1 Qd8 20. Ng3 Nxg3 21.
Qxg3 Kh8 22. Rfe1 1-0

[Event "5MCR_4D_2L_1S"]
[Site "?"]
[Date "2002.??.??"]
[Round "?"]
[White "Splichal, Josef"]
[Black "Kuchynka, Lubos"]
[Result "1/2-1/2"]
[WhiteElo "2155"]
[BlackElo "2245"]
[PlyCount "89"]
[EventDate "2002.??.??"]
[EventType "corr"]
[SourceDate "2004.??.??"]

1. e4 e5 2. Nf3 Nc6 3. Bb5 a6 4. Ba4 Nf6 5. O-O Be7 6. Re1 d6 7. c3 b5 8. Bb3
O-O 9. h3 Na5 10. Bc2 c5 11. d4 Qc7 12. b3 cxd4 13. cxd4 Bd7 14. Bb2 Nc6 15.
Nc3 Nb4 16. Bb1 exd4 17. Qxd4 Nc6 18. Qd3 Be6 19. a3 Ne5 20. Nxe5 dxe5 21. Nd5
Bxd5 22. exd5 Rfe8 23. b4 Bd6 24. Qf5 a5 25. bxa5 Qxa5 26. Bd3 Rad8 27. Bc2 Qa8
28. Red1 Bc7 29. a4 b4 30. Bb3 Re7 31. Qf3 Bd6 32. Qd3 Qa5 33. Rac1 Nd7 34. Qb5
Qxb5 35. axb5 Nc5 36. Bc4 Rc7 37. Ba1 Rb8 38. Kf1 Kf8 39. Re1 Nd7 40. Bb2 Rc5
41. Re2 f6 42. Bd3 g6 43. Rxc5 Nxc5 44. Bc4 Rc8 45. f4 1/2-1/2

[Event "5MCR_4D_2L_1S"]
[Site "?"]
[Date "2002.??.??"]
[Round "?"]
[White "Splichal, Josef"]
[Black "Paganik, Pavel"]
[Result "1-0"]
[WhiteElo "2155"]
[BlackElo "2015"]
[PlyCount "101"]
[EventDate "2002.??.??"]
[EventType "corr"]
[SourceDate "2004.??.??"]

1. e4 c5 2. Nf3 d6 3. d4 cxd4 4. Nxd4 Nf6 5. Nc3 a6 6. Be2 e5 7. Nb3 Be7 8. O-O
O-O 9. Be3 Be6 10. Qd2 Nbd7 11. a4 Rc8 12. a5 Qc7 13. f3 Rfd8 14. Rfd1 Nc5 15.
Nd5 Bxd5 16. exd5 Nxb3 17. cxb3 Qc2 18. Bc4 Qxd2 19. Bxd2 Rd7 20. Rac1 Bd8 21.
b4 b5 22. axb6 Bxb6+ 23. Kh1 h6 24. Bxa6 Rxc1 25. Bxc1 Rc7 26. b3 Nxd5 27. Bc4
Ne3 28. Bxe3 Bxe3 29. Rxd6 Ra7 30. g3 Kf8 31. b5 Ke7 32. Ra6 Rd7 33. Rc6 f6 34.
Re6+ Kd8 35. h4 h5 36. Rc6 Ke7 37. Kg2 Rd6 38. Rc7+ Rd7 39. Rxd7+ Kxd7 40. Bf7
Kc7 41. Bxh5 Kb6 42. Be8 Bc1 43. Kh3 Be3 44. Kg4 Bf2 45. h5 Be3 46. Kf5 Bh6 47.
Bc6 Kc7 48. Kg6 Kd6 49. b4 Kc7 50. g4 Kd6 51. g5 1-0

[Event "5MCR_4D_2L_1S"]
[Site "?"]
[Date "2002.??.??"]
[Round "?"]
[White "Splichal, Josef"]
[Black "Pecka, Josef"]
[Result "0-1"]
[WhiteElo "2155"]
[BlackElo "2210"]
[PlyCount "104"]
[EventDate "2002.??.??"]
[EventType "corr"]
[SourceDate "2004.??.??"]

1. e4 e6 2. d4 d5 3. Nc3 Bb4 4. e5 c5 5. a3 Ba5 6. b4 cxb4 7. Nb5 Nc6 8. axb4
Bxb4+ 9. c3 Be7 10. Bd3 a6 11. Qg4 g6 12. Nf3 Na5 13. Nd6+ Bxd6 14. exd6 Nb3
15. Bg5 Qxd6 16. Rb1 Na5 17. O-O f6 18. Bxg6+ Kf8 19. Ne5 hxg6 20. Nxg6+ Kg7
21. Ne5 Kf8 22. Bf4 fxe5 23. Bxe5 Qe7 24. Bxh8 Nc4 25. Qg3 b5 26. Rfe1 Nh6 27.
Qg6 Nf5 28. Bf6 Qf7 29. Qg5 Qg8 30. Qh5 Ra7 31. Be5 Rh7 32. Qe2 Qg6 33. Bf4 Kg8
34. f3 Bd7 35. Ra1 a5 36. Qf2 Rh4 37. g4 Rh7 38. Bc7 a4 39. Rad1 Rf7 40. h3 Rh7
41. Bh2 Qg5 42. Kh1 Ne7 43. f4 Qg6 44. Qg2 Kh8 45. Qf3 Ng8 46. Kg2 Qc2+ 47. Kg1
Nf6 48. Qd3 Qxd3 49. Rxd3 Ne4 50. Rf1 a3 51. Ra1 Be8 52. Kg2 Bg6 0-1

[Event "5MCR_4D_2L_1S"]
[Site "?"]
[Date "2002.??.??"]
[Round "?"]
[White "Vlcek, Vladimir"]
[Black "Boleslav, Petr"]
[Result "1/2-1/2"]
[WhiteElo "2340"]
[BlackElo "1735"]
[PlyCount "95"]
[EventDate "2002.??.??"]
[EventType "corr"]
[SourceDate "2004.??.??"]

1. d4 Nf6 2. c4 g6 3. Nc3 Bg7 4. e4 d6 5. f3 O-O 6. Be3 Nc6 7. Nge2 Rb8 8. Qd2
a6 9. h4 h5 10. Nc1 e5 11. d5 Nd4 12. Nb3 c5 13. dxc6 bxc6 14. Nxd4 exd4 15.
Bxd4 d5 16. cxd5 cxd5 17. e5 Nd7 18. f4 f6 19. e6 Nb6 20. f5 gxf5 21. b3 Qd6
22. Be2 Bxe6 23. Bxh5 Kh7 24. Be3 Qe5 25. Be2 Rbc8 26. Rc1 d4 27. Qxd4 Nd5 28.
Qxe5 fxe5 29. Nxd5 Rxc1+ 30. Bxc1 Bxd5 31. Kf2 Rc8 32. Rd1 Be6 33. Bg5 Bf8 34.
g4 f4 35. Bxa6 Rc2+ 36. Kf3 Rxa2 37. Bc4 Bxc4 38. bxc4 Rc2 39. h5 Rc3+ 40. Ke4
Rxc4+ 41. Kf5 f3 42. Rf1 e4 43. Be3 Be7 44. Rb1 Bc5 45. Bxc5 Rxc5+ 46. Kxe4 f2
47. Rf1 Rc4+ 48. Kf3 1/2-1/2

[Event "5MCR_4D_2L_1S"]
[Site "?"]
[Date "2002.??.??"]
[Round "?"]
[White "Vlcek, Vladimir"]
[Black "Gubas, Jan"]
[Result "1/2-1/2"]
[WhiteElo "2340"]
[BlackElo "2260"]
[PlyCount "26"]
[EventDate "2002.??.??"]
[EventType "corr"]
[SourceDate "2004.??.??"]

1. d4 d5 2. c4 c6 3. Nf3 Nf6 4. Nc3 e6 5. Bg5 h6 6. Bh4 dxc4 7. e4 Be7 8. e5
Nd5 9. Bxe7 Qxe7 10. Bxc4 Qb4 11. Qb3 Qxb3 12. Bxb3 Nxc3 13. bxc3 c5 1/2-1/2

[Event "5MCR_4D_2L_1S"]
[Site "?"]
[Date "2002.??.??"]
[Round "?"]
[White "Vlcek, Vladimir"]
[Black "Kuchynka, Lubos"]
[Result "1-0"]
[WhiteElo "2340"]
[BlackElo "2245"]
[PlyCount "74"]
[EventDate "2002.??.??"]
[EventType "corr"]
[SourceDate "2004.??.??"]

1. d4 d5 2. c4 e6 3. Nc3 c6 4. e3 Nf6 5. Nf3 Nbd7 6. Qc2 Bd6 7. Bd3 dxc4 8.
Bxc4 b5 9. Be2 Bb7 10. O-O O-O 11. Rd1 Qe7 12. e4 e5 13. dxe5 Nxe5 14. Nd4 Bc5
15. Be3 Bxd4 16. Rxd4 a5 17. Rad1 Rfd8 18. f4 Ng6 19. g3 b4 20. Rxd8+ Rxd8 21.
Rxd8+ Qxd8 22. Na4 Nd7 23. Nc5 Nxc5 24. Qxc5 Nf8 25. b3 Qa8 26. Qe7 Ba6 27. Bh5
g6 28. Bg4 Qb7 29. Qxb7 Bxb7 30. e5 h5 31. Bh3 Ba6 32. Bg2 Bb5 33. Bb6 Ne6 34.
Bxa5 c5 35. Be4 Kg7 36. Kf2 h4 37. Ke3 hxg3 1-0

[Event "5MCR_4D_2L_1S"]
[Site "?"]
[Date "2002.??.??"]
[Round "?"]
[White "Vlcek, Vladimir"]
[Black "Paganik, Pavel"]
[Result "1/2-1/2"]
[WhiteElo "2340"]
[BlackElo "2015"]
[PlyCount "116"]
[EventDate "2002.??.??"]
[EventType "corr"]
[SourceDate "2004.??.??"]

1. d4 Nf6 2. c4 g6 3. Nc3 Bg7 4. e4 d6 5. f3 O-O 6. Be3 e5 7. d5 Nh5 8. Qd2 f5
9. O-O-O Nd7 10. exf5 gxf5 11. Bd3 Ndf6 12. Nge2 Kh8 13. Bg5 Qe8 14. Rde1 Qf7
15. g3 Bd7 16. h3 Ne8 17. g4 Nhf6 18. Ng3 f4 19. Nf5 Ng8 20. Nxg7 Qxg7 21. Bh4
a6 22. Ne4 Ngf6 23. Ng5 b5 24. c5 Qg8 25. c6 Bc8 26. Bc2 Qxd5 27. Qxd5 Nxd5 28.
Nxh7 Rf7 29. Ng5 Rg7 30. Kb1 Ne3 31. Re2 a5 32. Bd3 Rb8 33. Ne4 Nd5 34. Rd2 Be6
35. Ng5 Bg8 36. Bf5 Nb4 37. Ne6 Bxe6 38. Bxe6 Nxc6 39. Bf2 Nd8 40. Bf5 c5 41.
h4 Nc6 42. g5 Nd4 43. Bxd4 exd4 44. g6 Re7 45. h5 Re5 46. Bc2 Nf6 47. h6 Rbe8
48. g7+ Kg8 49. h7+ Nxh7 50. Bxh7+ Kxg7 51. Rg1+ Kf6 52. Rg4 Re1+ 53. Kc2 Ke5
54. Bd3 c4 55. Rg5+ Kf6 56. Rf5+ Ke7 57. Be4 Rg8 58. Rxd4 Rgg1 1/2-1/2

[Event "5MCR_4D_2L_1S"]
[Site "?"]
[Date "2002.??.??"]
[Round "?"]
[White "Vlcek, Vladimir"]
[Black "Pecka, Josef"]
[Result "0-1"]
[WhiteElo "2340"]
[BlackElo "2210"]
[PlyCount "98"]
[EventDate "2002.??.??"]
[EventType "corr"]
[SourceDate "2004.??.??"]

1. d4 d5 2. c4 dxc4 3. Nf3 Nf6 4. e3 e6 5. Bxc4 c5 6. O-O a6 7. Bb3 Nc6 8. Nc3
b5 9. dxc5 Bb7 10. Qe2 Bxc5 11. e4 Nd4 12. Nxd4 Bxd4 13. Bg5 Qc7 14. Rac1 Qe5
15. Bxf6 gxf6 16. Kh1 Bxc3 17. Rxc3 Qxe4 18. Qxe4 Bxe4 19. Re1 Bg6 20. Bd5 Rd8
21. Bb7 b4 22. Rc5 O-O 23. a3 Rd2 24. axb4 Bd3 25. h3 Rb8 26. Be4 Bxe4 27. Rxe4
Rxf2 28. Rg4+ Kf8 29. b3 f5 30. Rd4 Ke7 31. Rc7+ Kf6 32. Rdd7 Rf8 33. Ra7 h5
34. Rxa6 Rg8 35. Raa7 Rgxg2 36. Rxf7+ Ke5 37. Rg7 Rh2+ 38. Kg1 Rb2 39. Rg3 Kf4
40. Rc3 Rbg2+ 41. Kf1 e5 42. Ra1 Rg3 43. Rxg3 Kxg3 44. Ra8 e4 45. Rg8+ Kf3 46.
Kg1 Rd2 47. Re8 e3 48. b5 e2 49. b6 Rd4 0-1

[Event "5MCR_4D_2L_1S"]
[Site "?"]
[Date "2002.??.??"]
[Round "?"]
[White "Vlcek, Vladimir"]
[Black "Splichal, Josef"]
[Result "1-0"]
[WhiteElo "2340"]
[BlackElo "2155"]
[PlyCount "77"]
[EventDate "2002.??.??"]
[EventType "corr"]
[SourceDate "2004.??.??"]

1. d4 Nf6 2. c4 c5 3. d5 e6 4. Nc3 exd5 5. cxd5 d6 6. e4 g6 7. Bd3 Bg7 8. Nge2
O-O 9. O-O b6 10. a4 Nbd7 11. Bf4 Ne5 12. Bxe5 dxe5 13. a5 Rb8 14. axb6 Qxb6
15. Ra2 Bd7 16. Qa1 Rb7 17. Ba6 Rc7 18. b3 Ra8 19. Rd1 Bc8 20. Bc4 Bb7 21. Na4
Qd6 22. Bd3 Ng4 23. h3 Nf6 24. Nb2 Qf8 25. Nc3 Nh5 26. Nc4 Nf4 27. Bf1 f5 28.
d6 Rd7 29. Rxa7 Bxe4 30. Rxd7 Rxa1 31. Rxa1 Bc6 32. Rc7 e4 33. Raa7 Bxc3 34.
Nb6 Nd3 35. Rxc6 Bd4 36. d7 Bxf2+ 37. Kh1 Ne5 38. Rc8 Nxd7 39. Bc4+ 1-0

[Event "5MCR_4D_2L_1S"]
[Site "?"]
[Date "2002.??.??"]
[Round "?"]
[White "Vosahlik, Jiri"]
[Black "Barta, Tomas"]
[Result "1/2-1/2"]
[WhiteElo "2320"]
[BlackElo "1835"]
[PlyCount "68"]
[EventDate "2002.??.??"]
[EventType "corr"]
[SourceDate "2004.??.??"]

1. e4 c5 2. Nf3 Nc6 3. d4 cxd4 4. Nxd4 g6 5. c4 Nf6 6. Nc3 d6 7. Be2 Bg7 8. Be3
O-O 9. O-O Re8 10. f3 Nxd4 11. Bxd4 Qa5 12. a3 Be6 13. b4 Qg5 14. f4 Qh4 15. f5
Bd7 16. Qd3 Bc6 17. Rae1 Bxe4 18. Bxf6 exf6 19. Qd4 gxf5 20. Bf3 Re6 21. Nxe4
fxe4 22. Rxe4 Rxe4 23. Qxe4 Qxe4 24. Bxe4 Rc8 25. Bd5 b6 26. Rf4 Re8 27. Kf2
Re5 28. Rd4 f5 29. Rd3 f4 30. Bc6 Re6 31. Kf3 Rh6 32. h3 Be5 33. Be4 Re6 34. a4
Re8 1/2-1/2

[Event "5MCR_4D_2L_1S"]
[Site "?"]
[Date "2002.??.??"]
[Round "?"]
[White "Vosahlik, Jiri"]
[Black "Hrdy, Roman"]
[Result "1-0"]
[WhiteElo "2320"]
[BlackElo "2245"]
[PlyCount "61"]
[EventDate "2002.??.??"]
[EventType "corr"]
[SourceDate "2004.??.??"]

1. e4 c5 2. Nf3 d6 3. d4 cxd4 4. Nxd4 Nf6 5. Nc3 a6 6. Be3 Ng4 7. Bg5 h6 8. Bh4
g5 9. Bg3 Bg7 10. h3 Ne5 11. f3 Nbc6 12. Bf2 b5 13. Qd2 Rb8 14. h4 b4 15. Nd1
e6 16. a3 Nxd4 17. Bxd4 b3 18. c3 Bb7 19. Ne3 Qc7 20. hxg5 hxg5 21. Rxh8+ Bxh8
22. Ng4 f6 23. Bxe5 dxe5 24. O-O-O Bc8 25. g3 Bg7 26. Qh2 Qf7 27. Be2 Bb7 28.
Bc4 Bc8 29. f4 exf4 30. gxf4 Qc7 31. e5 1-0

[Event "5MCR_4D_2L_1S"]
[Site "?"]
[Date "2002.??.??"]
[Round "?"]
[White "Vosahlik, Jiri"]
[Black "Kropik, Jan"]
[Result "1-0"]
[WhiteElo "2320"]
[BlackElo "2120"]
[PlyCount "127"]
[EventDate "2002.??.??"]
[EventType "corr"]
[SourceDate "2004.??.??"]

1. e4 c5 2. Nf3 d6 3. d4 cxd4 4. Nxd4 Nf6 5. Nc3 a6 6. Be3 Nc6 7. f3 g6 8. Bc4
Bg7 9. Qd2 Qc7 10. Bb3 Na5 11. Ba4+ Bd7 12. Bxd7+ Qxd7 13. b3 Nc6 14. Nd5 Nxd5
15. exd5 Nxd4 16. Bxd4 Bxd4 17. Qxd4 O-O 18. O-O Rac8 19. c3 Rfe8 20. Rae1 Qc7
21. Re3 Qc5 22. Rd1 Qxd4 23. Rxd4 Rc7 24. Kf2 Kf8 25. Ke2 b5 26. a3 Rec8 27.
Kd2 Rc5 28. Red3 Kg7 29. g3 Kf8 30. Re4 f5 31. Rh4 Kg7 32. Rhd4 g5 33. h4 h6
34. h5 Kf7 35. Re3 Rh8 36. b4 Rc7 37. Re6 Kg7 38. f4 Kh7 39. Rd3 gxf4 40. gxf4
Rg8 41. Rde3 Rg7 42. Kc2 Rg2+ 43. Kb3 Rg7 44. a4 Rf7 45. c4 Rxc4 46. Rxe7 Kg7
47. Rg3+ Kf8 48. Re6 Rxf4 49. Rxh6 Rf1 50. Rh8+ Ke7 51. Rg6 Rd1 52. axb5 axb5
53. Rb8 Rxd5 54. h6 Rd3+ 55. Kc2 Rh3 56. Rb7+ Kf8 57. Rxb5 Rc7+ 58. Kd2 Rc4 59.
Rb8+ Kf7 60. Rxd6 Rc7 61. Rh8 Rh2+ 62. Ke3 Rc3+ 63. Kd4 Rg3 64. Rc6 1-0

[Event "5MCR_4D_2L_1S"]
[Site "?"]
[Date "2002.??.??"]
[Round "?"]
[White "Vosahlik, Jiri"]
[Black "Slawinski, Petr"]
[Result "1/2-1/2"]
[WhiteElo "2320"]
[BlackElo "2330"]
[PlyCount "46"]
[EventDate "2002.??.??"]
[EventType "corr"]
[SourceDate "2004.??.??"]

1. e4 d6 2. d4 Nf6 3. Nc3 g6 4. Be3 Bg7 5. Qd2 c6 6. Bh6 Bxh6 7. Qxh6 Qa5 8.
Bd3 c5 9. Nge2 cxd4 10. Nxd4 Qb6 11. O-O-O Nc6 12. Bb5 Bd7 13. Bxc6 bxc6 14. f3
c5 15. Nde2 Rb8 16. b3 c4 17. Kb2 a5 18. Nf4 cxb3 19. Nfd5 Nxd5 20. Nxd5 Qa7
21. cxb3 Be6 22. Qg7 Qf2+ 23. Ka3 Qc5+ 1/2-1/2

[Event "5MCR_4D_2L_1S"]
[Site "?"]
[Date "2002.??.??"]
[Round "?"]
[White "Vosahlik, Jiri"]
[Black "Splichal, Josef"]
[Result "1-0"]
[WhiteElo "2320"]
[BlackElo "2155"]
[PlyCount "69"]
[EventDate "2002.??.??"]
[EventType "corr"]
[SourceDate "2004.??.??"]

1. e4 e5 2. Nf3 Nc6 3. d4 exd4 4. Nxd4 Nf6 5. Nxc6 bxc6 6. e5 Qe7 7. Qe2 Nd5 8.
c4 Ba6 9. b3 Qh4 10. a3 Bc5 11. Qf3 Ne7 12. Ra2 Ng6 13. Re2 O-O 14. g3 Qd4 15.
Qf5 Ne7 16. Qc2 Qg4 17. Nd2 Rae8 18. Bb2 d6 19. Ne4 Bb6 20. exd6 Ng6 21. dxc7
Bxc7 22. f4 Ba5+ 23. Kd1 Re7 24. Kc1 Bc8 25. b4 Bc7 26. Nf2 Qd7 27. h4 Rxe2 28.
Bxe2 Qe7 29. Bd3 f5 30. h5 Qe3+ 31. Kb1 Ne7 32. Qc3 Qxg3 33. Ng4 Qxg4 34. Be2
Qg2 35. Bf3 1-0